Benefc̕ios da justiȧ gratuita

Detalles Bibliográficos
Autor principal: Tannus Neto, Jos ̌Jorge
Formato: Libro
Lenguaje:portugués
Publicado: Brasil Pillares 2009
Materias:
Acceso en línea:Acceso restringido

MARC

LEADER 00000nam a22000007a 4500
005 20160224154242.0
007 cr|||| ||u|
008 160224s2009 bl ||||| |||| 00||0 por d
020 |a 978-85-89919-74-6 
035 |a 13111 
040 |a vLex  
090 |c 5933  |d 5933 
100 1 |a Tannus Neto, Jos ̌Jorge 
245 1 0 |a Benefc̕ios da justiȧ gratuita  |h [Recurso electrn̤ico] /  |c Jos ̌Jorge Tannus Neto  
256 |a Servicio en ln̕ea  
260 |a Brasil   |b Pillares  |c 2009 
300 |a 1 recurso electrn̤ico  
500 |a O objetivo deste trabalho ̌o de oferecer ao leitor - estudante ou profissional do Direito - noė̳s sobre a concessô dos benefc̕ios da justiȧ gratuita s̉ entidades benemřitas e sem fins lucrativos, independentemente da comprovaȯ̂ da dificuldade financeira ̉luz do entendimento pretoriano, principalmente, da jurisprudn̊cia do E. TJSP, alm̌ de buscar auxili-̀los na prt̀ica forense, no exercc̕io da profissô e no uso da toga ao se depararem com a questô sob exame. 
506 1 |a Contenido solo disponible en los productos indicados  |d vLex Global  |d vLex Global (Academic Edition, excluding Law Schools)  |d vLex Global (U.S. Academic Edition, Law Schools)  |d vLex Global (U.S. Academic Edition, excluding Law Schools)  |d vLex Global (Academic Edition, Law Schools) 
650 0 4 |a Derecho  |z Brasil  
740 0 |a vLex libros (servicio en ln̕ea) 
856 4 0 |u http://vlex.com/source/beneficios-da-justi-a-gratuita-13111  |z Acceso restringido  
942 |c BOOK 
999 0 |a Law